Implementácia umelej neurónovej siete v medicínskej diagnostike
Enregistré dans:
| Auteur principal: | |
|---|---|
| Autres auteurs: | |
| Format: | Manuscrit Livre |
| Langue: | slovaque |
| Publié: |
Bratislava :
STU v Bratislave FEI,
2021
|
| Sujets: | |
| Accès en ligne: | https://opac.crzp.sk/?fn=detailBiblioForm&sid=7E417B54B864B7C45826FD4635AB&seo=CRZP-detail-kniha |
| Tags: |
Pas de tags, Soyez le premier à ajouter un tag!
|
MARC
| LEADER | 00000ntm a22000003a 4500 | ||
|---|---|---|---|
| 001 | stuzp82471 | ||
| 003 | SK-STU | ||
| 005 | 20211201135816.1 | ||
| 007 | ta | ||
| 008 | 150427s2015----xo-----f-mn---000-0-slo-d | ||
| 040 | |a STU |b slo | ||
| 041 | 0 | |a slo | |
| 044 | |a xo | ||
| 100 | 1 | |a Christov, Viktor |u 031000 |4 aut |U FEI Fakulta elektrotechniky a informatiky |T FEI Ústav robotiky a kybernetiky |X 86433 |U E011 |Y 356 |7 86433 | |
| 242 | 0 | 1 | |a Artificial Neural Network Implementation in Medical Diagnostics |y eng |
| 245 | 1 | 0 | |a Implementácia umelej neurónovej siete v medicínskej diagnostike |
| 260 | |a Bratislava : |b STU v Bratislave FEI, |c 2021 | ||
| 300 | |a 70 s., príl. | ||
| 650 | 4 | |a konvolučná neurónová sieť |2 slo | |
| 650 | 4 | |a klasifikácia |2 slo | |
| 650 | 4 | |a histopatológia |2 slo | |
| 650 | 4 | |a neurónová sieť |2 slo | |
| 650 | 4 | |a histológia |2 slo | |
| 650 | 4 | |a neural network |2 eng | |
| 650 | 4 | |a convolutional neural network |2 eng | |
| 650 | 4 | |a classification |2 eng | |
| 650 | 4 | |a histology |2 eng | |
| 650 | 4 | |a histopathology |2 eng | |
| 700 | 1 | |a Pavlovičová, Jarmila |u 031000 |k Z1 |4 ths |U FEI Fakulta elektrotechniky a informatiky |T FEI Ústav robotiky a kybernetiky |X 1872 |U E011 |Y 356 |7 A000001872 | |
| 856 | 4 | |u https://opac.crzp.sk/?fn=detailBiblioForm&sid=7E417B54B864B7C45826FD4635AB&seo=CRZP-detail-kniha | |